Statistics for 2015-16 Players by 2K rating

Click here to take the quiz!

General Stats

  • This quiz has been taken 1,533 times
  • The average score is 34 of 63

Answer Stats

RatingTeamPlayer% Correct
93GSWCurry
100%
94CLEJames
100%
HOUHarden
99%
92NOPDavis
98%
91OKCDurant
97%
89OKCWestbrook
94%
90LACPaul
93%
88NYKAnthony
91%
LACGriffin
90%
CLEIrving
79%
GSWThompson
79%
86MIAWade
79%
87SAS (SF)Leonard
78%
WASWall
78%
SAS (PF)Duncan
77%
INDGeorge
77%
MEMGasol
76%
PORLillard
75%
85LALBryant
74%
CHI (SG)Butler
73%
SACCousins
73%
CLELove
67%
DALNowitzki
67%
MEMConley
66%
SASAldridge
64%
HOUHoward
64%
LACJordan
63%
TOR (PG)Lowry
63%
MIABosh
62%
84CHIRose
62%
TOR (SG)Derozan
60%
ATL (C)Horford
59%
83ATL (PF)Millsap
58%
CHI (PF)Gasol
54%
82GSWGreen
51%
UTAHayward
51%
MEMRandolph
50%
ATL (PG)Teague
49%
DETDrummond
46%
BKNLopez
46%
SASParker
45%
SACGay
39%
ORLVucevic
38%
PHOBledsoe
37%
81CHAWalker
37%
MIA (C)Whiteside
36%
MIA (PG)Dragic
34%
CHAJefferson
31%
UTAFavors
28%
BOSThomas
28%
80OKCIbaka
26%
MINWiggins
26%
WASBeal
22%
MILMonroe
22%
INDEllis
18%
ORLOladipo
16%
OKCKanter
14%
DALMatthews
14%
NOPEvans
12%
PHOKnight
12%
HOULawson
8%
DETJennings
6%
LALWilliams
6%

Score Distribution

Percentile by Number Answered

Percent of People with Each Score

Your Score History

You have not taken this quiz